[Event "Tata Steel India Blitz w"]
[Site "Kolkata IND"]
[Date "2023.09.03"]
[Round "1.1"]
[White "Dronavalli, Harika"]
[Black "Divya, Deshmukh"]
[Result "1-0"]
[WhiteTitle "GM"]
[BlackTitle "WGM"]
[WhiteElo "2500"]
[BlackElo "2372"]
[WhiteFideId "5015197"]
[BlackFideId "35006916"]
[EventDate "2023.09.03"]

1. Nf3 Nf6 2. g3 e6 3. Bg2 d5 4. O-O Be7 5. d3 O-O 6. Bf4 b6 7. a4 Bb7 8. a5 a6
9. Nbd2 b5 10. d4 c5 11. dxc5 Bxc5 12. c3 Nc6 13. Ne5 Nxe5 14. Bxe5 Nd7 15. Bd4
e5 16. Bxc5 Nxc5 17. Nb3 Ne6 18. Qd2 Qc7 19. Rfd1 Rad8 20. h4 d4 21. Bxb7 Qxb7
22. cxd4 exd4 23. Rac1 f5 24. Nc5 Nxc5 25. Rxc5 f4 26. Qd3 f3 27. Re5 Qc7 28.
Re4 fxe2 29. Qxe2 Qc5 30. Qd3 Rf7 31. Rxd4 Rdf8 32. Rf1 Qe5 33. Qe4 Qc7 34. Kg2
Qxa5 35. b4 Qa2 36. Qd5 Qxd5+ 37. Rxd5 Rf6 38. Rd2 Rc8 39. Ra1 Rc4 40. Rda2 Rcc6
41. Rd2 h6 42. Re2 Kf7 43. Ra3 Rc4 44. Rea2 Rcc6 45. Re2 Kg6 46. Rea2 Rfe6 47.
Rf3 Rc4 48. Rfa3 Rcc6 49. Rf3 Red6 50. Kh3 Rd1 51. Rfa3 Rdd6 52. Rf3 Re6 53. Kg2
Kh7 54. Rd3 Rf6 55. Re3 Kg8 56. Rd3 Kf7 57. Re3 Rfd6 58. Kh3 Re6 59. Rf3+ Ke7
60. Rd3 Red6 61. Rf3 Rd4 62. Rfa3 Rdd6 63. Kg2 Kd7 64. Rf3 Ke7 65. Re3+ Kd7 66.
Rf3 Rf6 67. Re3 Rcd6 68. Rc3 Rfe6 69. Rf3 Rf6 70. Rc3 Rc6 71. Rd3+ Kc7 72. Re3
Rce6 73. Rc3+ Kb7 74. Rd3 Rd6 75. Re3 Rf7 76. Re4 Rfd7 77. Rg4 Rd4 78. Rg6 R4d6
79. Rg4 Rc6 80. Kh3 Re6 81. Kg2 Red6 82. Re4 Rd4 83. Re6 R4d6 84. Re4 g6 85. Rg4
h5 86. Rg5 Re7 87. Rb2 Re4 88. Kh3 Kb6 89. Kg2 Red4 90. Kh3 Re4 91. Kg2 Kb7 92.
Kh3 Rf6 93. Kg2 Rd4 94. Kh3 Kc6 95. Kg2 Rd5 96. Rc2+ Kd6 97. Rxd5+ Kxd5 98. Rc5+
Kd4 99. f4 Ke3 100. Re5+ Kd4 101. Rc5 Re6 102. Kf2 Kd3 103. Kf3 Re3+ 104. Kf2
Re6 105. Kf3 Kd4 106. Kf2 Rb6 107. Rc1 Kd3 108. Kf3 Re6 109. Rc5 Kd4 110. Rc1
Kd5 111. Rc5+ Kd4 112. Rc7 Re3+ 113. Kf2 Re6 114. Kf3 Kd3 115. Rc5 Kd2 116. Rc7
Re3+ 117. Kf2 Re2+ 118. Kf3 Re3+ 119. Kf2 Re6 120. Kf3 Rd6 121. Kf2 Kd3 122. Kf3
Kd4 123. g4 hxg4+ 124. Kxg4 Ke4 125. Re7+ Kd4 126. Rc7 Re6 127. Kg5 Ke4 128. Rf7
Kf3 129. Rg7 Re4 130. Rxg6 Rxb4 131. Rxa6 Rb1 132. f5 b4 133. f6 Ke4 134. f7
Rg1+ 135. Kh6 Rf1 136. Kg7 Kd3 137. f8=Q 1-0

[Event "Tata Steel India Blitz w"]
[Site "Kolkata IND"]
[Date "2023.09.03"]
[Round "1.2"]
[White "Batsiashvili, Nino"]
[Black "Shuvalova, Polina"]
[Result "1/2-1/2"]
[WhiteTitle "GM"]
[BlackTitle "IM"]
[WhiteElo "2474"]
[BlackElo "2496"]
[WhiteFideId "13602993"]
[BlackFideId "24171760"]
[EventDate "2023.09.03"]

1. d4 Nf6 2. Nf3 d5 3. Bf4 c5 4. e3 Nc6 5. Nbd2 Nh5 6. dxc5 Nxf4 7. exf4 g6 8.
c3 Bh6 9. g3 O-O 10. Bg2 b6 11. cxb6 Qxb6 12. Qb3 Rb8 13. Qxb6 Rxb6 14. Nb3 a5
15. O-O-O e6 16. Nbd4 Ba6 17. Nxc6 Rxc6 18. Bf1 Bb7 19. Bb5 Rb6 20. a4 d4 21.
Nxd4 Bxh1 22. Rxh1 e5 23. Nc6 exf4 24. Kc2 fxg3 25. hxg3 Bg5 26. Nxa5 Rd8 27.
Nc4 Re6 28. f4 Bf6 29. Rh2 Rb8 30. Rd2 h5 31. Bd7 Re4 32. Nd6 Re1 33. Bb5 h4 34.
gxh4 Bxh4 35. Bc4 Kg7 36. Rg2 Be7 37. Nf5+ Kf6 38. Nxe7 Rxe7 39. a5 Kf5 40. a6
Kxf4 41. Rf2+ Kg3 42. Rxf7 Rxf7 43. Bxf7 Ra8 44. Bxg6 Rxa6 45. Bd3 Rb6 46. c4
Kf4 47. c5 Rc6 48. b4 Ke5 49. Kc3 Rh6 50. Kc4 Ke6 51. Kb5 Kd7 52. Bc4 Kc7 53.
Bd5 Rh5 54. Ba8 Rh8 55. Bd5 Rh5 56. Kc4 Rh4+ 57. Kc3 Rh3+ 58. Kd4 Rh4+ 59. Be4
Rh2 60. b5 Rb2 61. b6+ Rxb6 62. cxb6+ Kxb6 1/2-1/2

[Event "Tata Steel India Blitz w"]
[Site "Kolkata IND"]
[Date "2023.09.03"]
[Round "1.3"]
[White "Savitha, Shri B"]
[Black "Vantika, Agrawal"]
[Result "1-0"]
[WhiteTitle "WIM"]
[BlackTitle "WGM"]
[WhiteElo "2375"]
[BlackElo "2430"]
[WhiteFideId "35061887"]
[BlackFideId "25050389"]
[EventDate "2023.09.03"]

1. e4 c5 2. Nf3 d6 3. d4 cxd4 4. Qxd4 Nc6 5. Qe3 g6 6. Be2 Bg7 7. O-O Nf6 8. h3
O-O 9. Rd1 Be6 10. c4 Qb6 11. Nc3 Nd7 12. Rb1 Rac8 13. Qd2 Nde5 14. Nxe5 Nxe5
15. b3 f5 16. Nd5 Qd8 17. Nf4 Qd7 18. Nxe6 Qxe6 19. Qd5 Qxd5 20. exd5 f4 21. f3
g5 22. Bb2 Ng6 23. Bd3 Bxb2 24. Bxg6 Be5 25. Be4 Kg7 26. Kf2 a6 27. Rh1 h5 28.
Rbc1 Rc7 29. Bd3 Rfc8 30. Bf5 Rb8 31. Bd3 Kf6 32. Ke2 Rbc8 33. a4 b6 34. Rc2 b5
35. axb5 axb5 36. Rhc1 b4 37. Ra2 Rc5 38. Rd1 Bc3 39. Ra7 Re8 40. Be4 e6 41.
dxe6 Rxe6 42. Kf1 g4 43. hxg4 hxg4 44. Rh7 gxf3 45. gxf3 Rg5 46. Rh4 Be5 47. Rd5
Re8 48. Rh6+ Kg7 49. Rh7+ Kf6 50. Rh6+ Kg7 51. Rhxd6 Rh8 52. Rd7+ Kf6 53. Ke2
Rh2+ 54. Kd3 Rg1 55. c5 Rd1+ 56. Kc4 1-0

[Event "Tata Steel India Blitz w"]
[Site "Kolkata IND"]
[Date "2023.09.03"]
[Round "1.5"]
[White "Koneru, Humpy"]
[Black "Ju, Wenjun"]
[Result "1/2-1/2"]
[WhiteTitle "GM"]
[BlackTitle "GM"]
[WhiteElo "2553"]
[BlackElo "2568"]
[WhiteFideId "5008123"]
[BlackFideId "8603006"]
[EventDate "2023.09.03"]

1. d4 Nf6 2. c4 e6 3. Nf3 d5 4. Nc3 c5 5. cxd5 cxd4 6. Qxd4 exd5 7. e4 dxe4 8.
Qxd8+ Kxd8 9. Ng5 Be6 10. Nxe6+ fxe6 11. Bg5 Nc6 12. Bc4 Ke7 13. O-O-O Ne5 14.
Be2 Kf7 15. Bxf6 gxf6 16. Nxe4 f5 17. Ng5+ Kf6 18. f4 Ng6 19. g3 h6 20. Nf3 Rc8+
21. Kb1 Rh7 22. Rc1 Rhc7 23. Rxc7 Rxc7 24. Rd1 Ke7 25. a4 Bg7 26. Rd2 1/2-1/2

[Event "Tata Steel India Blitz w"]
[Site "Kolkata IND"]
[Date "2023.09.03"]
[Round "2.2"]
[White "Vantika, Agrawal"]
[Black "Ushenina, Anna"]
[Result "0-1"]
[WhiteTitle "WGM"]
[BlackTitle "GM"]
[WhiteElo "2430"]
[BlackElo "2434"]
[WhiteFideId "25050389"]
[BlackFideId "14110911"]
[EventDate "2023.09.03"]

1. d4 d5 2. c4 e6 3. Nf3 a6 4. Bg5 Be7 5. Bxe7 Nxe7 6. Nbd2 O-O 7. g3 Nd7 8. Bg2
c5 9. cxd5 Nxd5 10. O-O b5 11. dxc5 Nxc5 12. Rc1 Na4 13. Qb3 Bb7 14. Rfd1 Qe7
15. Ne5 Rac8 16. Nd3 Ndb6 17. Bxb7 Qxb7 18. Qb4 Nd5 19. Qe4 Rxc1 20. Rxc1 Rc8
21. Rxc8+ Qxc8 22. Qd4 h6 23. e4 Nf6 24. Nf3 Qc2 25. Nde5 Nxe4 26. Qd8+ Kh7 27.
Nd3 Nxb2 28. Nfe5 Nxd3 29. Nxd3 Qd2 30. Qd4 f5 31. Kg2 Nxf2 32. Qxf2 Qxd3 33.
Qb6 Qd5+ 34. Kg1 Qxa2 35. h4 Qb1+ 36. Kg2 Qe4+ 37. Kf2 b4 38. h5 Qc2+ 39. Kf3
Qb3+ 40. Kf2 Qc4 41. Qd8 Qc5+ 42. Kg2 Qc6+ 43. Kh2 Qc2+ 44. Kh3 Qe2 45. Qe8 Qg4+
46. Kg2 f4 47. Kf1 fxg3 48. Kg2 b3 49. Qf7 b2 50. Qb7 Qxh5 51. Qe4+ Qg6 52. Qb7
b1=Q 0-1

[Event "Tata Steel India Blitz w"]
[Site "Kolkata IND"]
[Date "2023.09.03"]
[Round "2.3"]
[White "Divya, Deshmukh"]
[Black "Ju, Wenjun"]
[Result "0-1"]
[WhiteTitle "WGM"]
[BlackTitle "GM"]
[WhiteElo "2372"]
[BlackElo "2568"]
[WhiteFideId "35006916"]
[BlackFideId "8603006"]
[EventDate "2023.09.03"]

1. d4 Nf6 2. Bg5 d5 3. e3 c5 4. Bxf6 gxf6 5. dxc5 e6 6. Nf3 Bxc5 7. Be2 O-O 8.
O-O Nc6 9. c4 dxc4 10. Bxc4 Qxd1 11. Rxd1 Rd8 12. Nc3 Bd7 13. Ne4 Be7 14. Kf1
Be8 15. Ke2 Rac8 16. g4 Rxd1 17. Rxd1 Nb4 18. Ned2 Ba4 19. Rg1 b5 20. Bd3 Nxd3
21. Kxd3 b4 22. Nb3 Bb5+ 23. Kd2 Kg7 24. Nfd4 Bd7 25. h3 Kg6 26. f4 e5 27. Nf3
Bd6 28. Nh4+ Kg7 29. g5 exf4 30. gxf6+ Kxf6 31. Ng2 Rg8 32. Ke2 Bxh3 33. Kf2
fxe3+ 34. Kf3 e2 35. Nd2 Bxg2+ 36. Kxe2 Re8+ 37. Kf2 Bc5+ 0-1

[Event "Tata Steel India Blitz w"]
[Site "Kolkata IND"]
[Date "2023.09.03"]
[Round "2.4"]
[White "Shuvalova, Polina"]
[Black "Savitha, Shri B"]
[Result "1/2-1/2"]
[WhiteTitle "IM"]
[BlackTitle "WIM"]
[WhiteElo "2496"]
[BlackElo "2375"]
[WhiteFideId "24171760"]
[BlackFideId "35061887"]
[EventDate "2023.09.03"]

1. e4 c5 2. Nf3 d6 3. Bb5+ Nd7 4. O-O a6 5. Bd3 Ngf6 6. Re1 Qc7 7. Bf1 g6 8. c3
Bg7 9. d4 cxd4 10. cxd4 e5 11. d5 O-O 12. Nc3 h6 13. Be3 Ng4 14. Bd2 f5 15. h3
Ngf6 16. Rc1 Qd8 17. exf5 gxf5 18. Nh4 Nc5 19. g3 Nfe4 20. Nxe4 Nxe4 21. Bd3 Ng5
22. Kh2 Bd7 23. Qh5 Be8 24. Qe2 Bd7 25. Qh5 Be8 26. Qe2 Bd7 27. f4 e4 28. fxg5
exd3 29. Qh5 Be8 30. g6 Qf6 31. Bc3 Qg5 32. Qxg5 hxg5 33. Nf3 g4 34. Ng5 Bxc3
35. Rxc3 Bxg6 36. Re6 Bf7 37. Nxf7 Rxf7 38. Rxd3 Rd8 39. hxg4 fxg4 40. Rg6+ Kh7
41. Rxg4 Rf2+ 42. Kh3 Rxb2 43. Rdd4 Rd7 44. Rg5 Kh8 45. Rh4+ Rh7 46. Rg6 Rxa2
47. Rxd6 Rxh4+ 48. Kxh4 Rd2 49. Rd8+ Kg7 50. Rd7+ Kg6 51. Rd6+ Kg7 52. Rd7+ Kg6
53. d6 a5 54. Rd8 a4 55. d7 Kg7 56. Ra8 Rxd7 57. Rxa4 1/2-1/2

[Event "Tata Steel India Blitz w"]
[Site "Kolkata IND"]
[Date "2023.09.03"]
[Round "2.5"]
[White "Dronavalli, Harika"]
[Black "Batsiashvili, Nino"]
[Result "1-0"]
[WhiteTitle "GM"]
[BlackTitle "GM"]
[WhiteElo "2500"]
[BlackElo "2474"]
[WhiteFideId "5015197"]
[BlackFideId "13602993"]
[EventDate "2023.09.03"]

1. Nf3 c5 2. g3 Nc6 3. Bg2 e5 4. c4 Nf6 5. O-O d5 6. d3 d4 7. e3 Be7 8. Na3 O-O
9. Re1 Bg4 10. h3 Bf5 11. Nh4 Be6 12. Nc2 Qd7 13. Kh2 Rfd8 14. e4 g6 15. Nf3 a6
16. Ng5 b5 17. b3 bxc4 18. bxc4 Rab8 19. Rf1 Ne8 20. Nxe6 Qxe6 21. f4 f6 22. f5
Qf7 23. h4 Nd6 24. Bh3 Rf8 25. Ne1 Rb7 26. g4 g5 27. hxg5 fxg5 28. Nf3 h6 29.
Ng1 Ne8 30. Ne2 Nf6 31. Ng3 Rfb8 32. Bg2 Rb6 33. Bf3 Bd8 34. Kg2 Be7 35. Rh1 Bf8
36. Rf1 Bg7 37. Rf2 Qb7 38. Qa4 Rb4 39. Qc2 Rb1 40. Rxb1 Qxb1 41. Qxb1 Rxb1 42.
Ba3 Nb4 43. Bxb4 cxb4 44. Rc2 b3 45. axb3 Rxb3 46. Be2 Bf8 47. Ra2 Rb6 48. Ra5
Nd7 49. f6 Rxf6 50. Nf5 Bc5 51. Bd1 Bb4 52. Rd5 Nb6 53. Rxe5 Bc3 54. Re8+ Kf7
55. Re7+ Kf8 56. Ra7 a5 57. Bf3 Na4 58. Ra8+ Kf7 59. e5 Rb6 60. Bd5+ 1-0

[Event "Tata Steel India Blitz w"]
[Site "Kolkata IND"]
[Date "2023.09.03"]
[Round "3.1"]
[White "Savitha, Shri B"]
[Black "Dronavalli, Harika"]
[Result "0-1"]
[WhiteTitle "WIM"]
[BlackTitle "GM"]
[WhiteElo "2375"]
[BlackElo "2500"]
[WhiteFideId "35061887"]
[BlackFideId "5015197"]
[EventDate "2023.09.03"]

1. e4 c5 2. Nf3 Nc6 3. d4 cxd4 4. Nxd4 Nf6 5. Nc3 e5 6. Ndb5 d6 7. Bg5 a6 8. Na3
Be6 9. Nab1 Be7 10. Bxf6 Bxf6 11. Nd5 O-O 12. Be2 Bg5 13. O-O Rc8 14. c3 Ne7 15.
Bg4 Bxg4 16. Nxe7+ Qxe7 17. Qxg4 g6 18. Na3 f5 19. exf5 gxf5 20. Qe2 Kh8 21.
Rad1 Rg8 22. Kh1 Rg6 23. f4 exf4 24. Qxe7 Bxe7 25. Rxf4 Re6 26. Nc2 Re2 27. Nd4
Rxb2 28. Nxf5 Bg5 29. Rg4 h6 30. h4 Bf6 31. Rg6 Rf8 32. Rxh6+ Kg8 33. Nxd6 Bxc3
34. Rd5 Rf1+ 35. Kh2 Bd2 36. Rg6+ Kh7 37. Rg4 Bf4+ 38. Rxf4 Rxf4 39. Kg3 Rff2
40. a4 Rxg2+ 41. Kf3 Rbf2+ 42. Ke3 Re2+ 43. Kf3 Rgf2+ 44. Kg3 Rd2 45. Rh5+ Kg6
46. Rg5+ Kh7 47. Ne4 Rg2+ 48. Kf4 Rxg5 49. hxg5 Rd4 50. Kf5 Rxa4 51. Nd6 Ra5+
52. Kf6 Ra1 53. Nxb7 Rf1+ 54. Ke5 Kg6 55. Kd4 Rb1 56. Nc5 a5 57. Ne4 a4 58. Nc3
Rb8 59. Kc4 a3 60. Na2 Rb2 61. Nc3 a2 0-1

[Event "Tata Steel India Blitz w"]
[Site "Kolkata IND"]
[Date "2023.09.03"]
[Round "3.2"]
[White "Ushenina, Anna"]
[Black "Shuvalova, Polina"]
[Result "0-1"]
[WhiteTitle "GM"]
[BlackTitle "IM"]
[WhiteElo "2434"]
[BlackElo "2496"]
[WhiteFideId "14110911"]
[BlackFideId "24171760"]
[EventDate "2023.09.03"]

1. d4 Nf6 2. c4 e6 3. Nf3 d5 4. g3 Be7 5. Bg2 O-O 6. O-O c6 7. Qc2 b6 8. Rd1
Nbd7 9. b3 a5 10. Nbd2 Bb7 11. e4 dxe4 12. Ng5 h6 13. Ngxe4 Qc7 14. Nxf6+ Nxf6
15. Nf3 Rad8 16. Bf4 Qc8 17. c5 bxc5 18. dxc5 Rd5 19. Be3 Ng4 20. Bd4 e5 21. Bc3
Bxc5 22. Rf1 Ba6 23. h3 Bxf1 24. Rxf1 Nf6 25. Nxe5 Qe6 26. Bxd5 cxd5 27. Nd3 Bb6
28. Bxf6 Qxf6 29. Rc1 Qg6 30. Kg2 Qe4+ 31. Kh2 Qf3 32. Nc5 Rc8 33. Qd3 Qxf2+ 34.
Kh1 Rxc5 35. Rf1 Rc3 36. Qb5 Qc5 37. Qe8+ Kh7 38. Qxf7 Qd6 39. Qf5+ Qg6 40. Qxd5
Rxg3 0-1

[Event "Tata Steel India Blitz w"]
[Site "Kolkata IND"]
[Date "2023.09.03"]
[Round "3.3"]
[White "Koneru, Humpy"]
[Black "Vantika, Agrawal"]
[Result "1/2-1/2"]
[WhiteTitle "GM"]
[BlackTitle "WGM"]
[WhiteElo "2553"]
[BlackElo "2430"]
[WhiteFideId "5008123"]
[BlackFideId "25050389"]
[EventDate "2023.09.03"]

1. d4 Nf6 2. c4 g6 3. g3 Bg7 4. Bg2 O-O 5. Nc3 d6 6. h3 c5 7. e3 Nc6 8. Nge2 Bd7
9. O-O cxd4 10. exd4 Rc8 11. b3 a6 12. Be3 Na5 13. Rc1 b5 14. c5 b4 15. Na4 Bxa4
16. bxa4 e6 17. Bf4 dxc5 18. dxc5 Nd5 19. Bd6 Re8 20. Qd3 Qd7 21. Qxa6 Qxa4 22.
Nf4 Qxa2 23. Nxd5 exd5 24. Qb5 Nc6 25. Rfd1 Nd4 26. Qxb4 Ne2+ 27. Kf1 Nxc1 28.
Rxc1 d4 29. c6 Qe2+ 30. Kg1 d3 31. Bf4 h6 32. h4 Red8 33. c7 Re8 34. Bb7 Bf6 35.
Bxc8 Rxc8 36. Qb7 Qe6 37. Kg2 Kg7 38. Rd1 g5 39. hxg5 hxg5 40. Be3 Qd7 41. Bb6
d2 42. Qa6 Qc6+ 43. Kg1 Rxc7 44. Rxd2 Qc1+ 45. Kg2 Qxd2 46. Bxc7 Qd5+ 47. Kg1
Qd1+ 48. Qf1 Qxf1+ 49. Kxf1 Kg6 50. g4 Bd4 51. Ke2 Bg7 52. f3 Bf6 53. Kd3 Bg7
54. Ke4 Bf6 55. Be5 Be7 56. Bd4 Bd6 57. Kd5 Bf4 58. Ke4 Bd6 59. Be3 Bc7 60. Bd4
Bd6 61. Be5 Be7 62. Bd4 1/2-1/2

[Event "Tata Steel India Blitz w"]
[Site "Kolkata IND"]
[Date "2023.09.03"]
[Round "3.4"]
[White "Batsiashvili, Nino"]
[Black "Divya, Deshmukh"]
[Result "0-1"]
[WhiteTitle "GM"]
[BlackTitle "WGM"]
[WhiteElo "2474"]
[BlackElo "2372"]
[WhiteFideId "13602993"]
[BlackFideId "35006916"]
[EventDate "2023.09.03"]

1. d4 Nf6 2. c4 e6 3. Nc3 Bb4 4. Nf3 b6 5. e3 Bb7 6. Bd3 O-O 7. O-O d5 8. cxd5
exd5 9. Ne5 Nbd7 10. f4 Qe7 11. g4 Nxe5 12. dxe5 Ne4 13. Qf3 Bxc3 14. bxc3 a5
15. g5 Ba6 16. c4 f5 17. exf6 gxf6 18. h4 Bxc4 19. Bxc4 dxc4 20. Rb1 Rad8 21.
Rb5 c3 22. Qg2 Kh8 23. Ba3 c5 24. Rxb6 Rd2 25. Qg4 f5 26. Qh5 Ng3 27. Qh6 Qxe3+
28. Rf2 Qxf2# 0-1

[Event "Tata Steel India Blitz w"]
[Site "Kolkata IND"]
[Date "2023.09.03"]
[Round "4.1"]
[White "Vantika, Agrawal"]
[Black "Ju, Wenjun"]
[Result "0-1"]
[WhiteTitle "WGM"]
[BlackTitle "GM"]
[WhiteElo "2430"]
[BlackElo "2568"]
[WhiteFideId "25050389"]
[BlackFideId "8603006"]
[EventDate "2023.09.03"]

1. d4 Nf6 2. c4 e6 3. Nf3 d5 4. g3 dxc4 5. Bg2 c5 6. O-O Nc6 7. Qa4 Bd7 8. dxc5
Bxc5 9. Qxc4 Be7 10. Nc3 O-O 11. Rd1 Rc8 12. e4 Qa5 13. Qe2 Rfd8 14. e5 Nd5 15.
Nxd5 exd5 16. Bd2 Qb6 17. Be3 Qa5 18. Bd2 Qa4 19. Bg5 Bg4 20. Bxe7 Nxe7 21. b3
Qe4 22. Qxe4 dxe4 23. Rxd8+ Rxd8 24. Ng5 e3 25. fxe3 b6 26. h3 Be6 27. Nxe6 fxe6
28. Be4 Rd2 29. Rc1 Rxa2 30. Rc7 Ng6 31. Rc8+ Kf7 32. Rc7+ Ne7 33. Bxh7 Re2 34.
Rxa7 Rxe3 35. Kf2 Rxb3 36. g4 Rb5 37. Bg6+ Kxg6 38. Rxe7 Rxe5 39. Rb7 b5 40. Kf3
Kf6 41. Kf4 g5+ 42. Kf3 Rc5 43. Ke4 Rc4+ 44. Kd3 Rb4 45. Kc3 Rb1 46. Kc2 Rh1 47.
Rxb5 Rxh3 48. Kd2 Rf3 49. Ke2 Rf4 50. Ke3 Rxg4 51. Rb8 Ra4 52. Rf8+ Ke5 53. Rg8
Ra3+ 54. Ke2 Kf5 55. Rf8+ Kg4 56. Re8 Ra6 57. Ke3 Kg3 58. Ke4 g4 59. Rg8 Ra4+
60. Ke3 Kh3 61. Kf2 Ra2+ 62. Ke3 g3 63. Kf3 Rf2+ 64. Ke3 Rf6 65. Rh8+ Kg2 66.
Rg8 Kh2 67. Rh8+ Kg1 68. Rg8 g2 69. Ke2 Rf5 70. Rg6 Re5+ 71. Kd2 Kf1 72. Rf6+
Rf5 73. Rxe6 g1=Q 74. Re1+ Kg2 75. Re2+ Rf2 0-1

[Event "Tata Steel India Blitz w"]
[Site "Kolkata IND"]
[Date "2023.09.03"]
[Round "4.3"]
[White "Shuvalova, Polina"]
[Black "Koneru, Humpy"]
[Result "0-1"]
[WhiteTitle "IM"]
[BlackTitle "GM"]
[WhiteElo "2496"]
[BlackElo "2553"]
[WhiteFideId "24171760"]
[BlackFideId "5008123"]
[EventDate "2023.09.03"]

1. e4 g6 2. d4 Bg7 3. Nf3 d6 4. c3 Nd7 5. Bd3 c6 6. O-O Qc7 7. h3 Ngf6 8. Re1 e5
9. a4 O-O 10. Nbd2 h6 11. b3 Re8 12. Ba3 b6 13. Qc2 Bb7 14. Rad1 Rad8 15. Nc4
Bf8 16. Bf1 exd4 17. cxd4 d5 18. Bxf8 Nxf8 19. e5 dxc4 20. exf6 cxb3 21. Qxb3
Qd6 22. a5 b5 23. Ne5 Qxf6 24. Ng4 Qg5 25. Re5 Rxe5 26. dxe5 Rxd1 27. Qxd1 Qe7
28. f4 h5 29. Nf6+ Kg7 30. Be2 Ne6 31. Qd2 b4 32. f5 Qc5+ 33. Kh1 Qxe5 34. Ne8+
Kf8 35. Nd6 Qa1+ 36. Kh2 Qe5+ 37. Kh1 Nd4 38. Qh6+ Ke7 39. Nxb7 Nxe2 40. f6+ Kd7
41. Qd2+ Kc7 42. Qd1 Kxb7 0-1

[Event "Tata Steel India Blitz w"]
[Site "Kolkata IND"]
[Date "2023.09.03"]
[Round "4.4"]
[White "Dronavalli, Harika"]
[Black "Ushenina, Anna"]
[Result "1/2-1/2"]
[WhiteTitle "GM"]
[BlackTitle "GM"]
[WhiteElo "2500"]
[BlackElo "2434"]
[WhiteFideId "5015197"]
[BlackFideId "14110911"]
[EventDate "2023.09.03"]

1. Nf3 d5 2. g3 Nf6 3. Bg2 e6 4. O-O Be7 5. d3 O-O 6. Bf4 a5 7. a4 Bd6 8. Bxd6
Qxd6 9. Nc3 e5 10. e4 d4 11. Nb1 c6 12. h3 Na6 13. Nh4 Qb4 14. Qc1 Nc5 15. b3 b5
16. Nf5 Bxf5 17. exf5 e4 18. axb5 cxb5 19. dxe4 Ncxe4 20. Qe1 Rae8 21. Qxb4 axb4
22. Ra5 Rb8 23. Rd1 Rfd8 24. Ra7 Rbc8 25. Re7 Nc3 26. Nxc3 Rxc3 27. g4 h6 28.
Rb7 d3 29. cxd3 Rdxd3 30. Rxd3 Rxd3 31. Rxb5 Rxb3 32. f4 Rb1+ 33. Kf2 Rb2+ 34.
Kg3 Rb3+ 35. Kf2 Rb2+ 36. Kg3 Rb3+ 37. Kf2 Rb2+ 38. Kg3 Rb3+ 39. Kf2 Rb2+ 40.
Kg3 1/2-1/2

[Event "Tata Steel India Blitz w"]
[Site "Kolkata IND"]
[Date "2023.09.03"]
[Round "4.5"]
[White "Batsiashvili, Nino"]
[Black "Savitha, Shri B"]
[Result "1-0"]
[WhiteTitle "GM"]
[BlackTitle "WIM"]
[WhiteElo "2474"]
[BlackElo "2375"]
[WhiteFideId "13602993"]
[BlackFideId "35061887"]
[EventDate "2023.09.03"]

1. d4 Nf6 2. Nf3 g6 3. g3 Bg7 4. Bg2 c5 5. d5 O-O 6. c4 b5 7. cxb5 d6 8. Nc3 a6
9. bxa6 Nxa6 10. O-O Nb4 11. a3 Bf5 12. Ne1 Ne8 13. e4 Bc8 14. Be3 Na6 15. Nf3
f5 16. exf5 Bxf5 17. Ng5 Nec7 18. Qd2 Rb8 19. Rfe1 Qd7 20. Bf4 c4 21. Qe2 Bf6
22. Nge4 Bg7 23. Ng5 Bf6 24. Nge4 Bg7 25. Qxc4 Rxb2 26. Rab1 Rc2 27. Rbc1 Bxe4
28. Bxe4 Bxc3 29. Bxc2 Bxe1 30. Rxe1 Nc5 31. a4 Ra8 32. Bg5 Re8 33. h4 e6 34.
dxe6 N7xe6 35. h5 d5 36. Qh4 Nxg5 37. Rxe8+ Qxe8 38. Qxg5 Ne6 39. Qe5 Qd7 40.
hxg6 hxg6 41. Bxg6 Ng7 42. a5 d4 43. Bd3 Qa4 44. Qd5+ Kf8 45. Qb5 Qd1+ 46. Kg2
Qa1 47. a6 Ne6 48. Qf5+ Ke7 49. Qe4 Kd6 50. Qf5 Nc5 51. Bc4 d3 52. Qd5+ 1-0

[Event "Tata Steel India Blitz w"]
[Site "Kolkata IND"]
[Date "2023.09.03"]
[Round "5.1"]
[White "Ushenina, Anna"]
[Black "Batsiashvili, Nino"]
[Result "1/2-1/2"]
[WhiteTitle "GM"]
[BlackTitle "GM"]
[WhiteElo "2434"]
[BlackElo "2474"]
[WhiteFideId "14110911"]
[BlackFideId "13602993"]
[EventDate "2023.09.03"]

1. d4 d5 2. c4 e6 3. Nf3 Nf6 4. g3 Be7 5. Bg2 O-O 6. O-O a5 7. Ne5 c6 8. Nc3
Nfd7 9. Nf3 dxc4 10. Nd2 Nb6 11. e3 Na6 12. Qe2 c5 13. dxc5 Nxc5 14. Nxc4 Bd7
15. Ne5 Be8 16. e4 Qb8 17. Nf3 e5 18. Be3 Bc6 19. Nd2 Nca4 20. Nxa4 Nxa4 21. Nb3
Rd8 22. Rac1 Qc7 23. Rc2 Qd7 24. Rfc1 Qe6 25. Qh5 g6 26. Qh6 Bf8 27. Qh4 Rd7 28.
Bh3 f5 29. exf5 gxf5 30. Qg5+ Rg7 31. Qxf5 Qd5 32. Qe6+ Qxe6 33. Bxe6+ Kh8 34.
Nc5 Nxc5 35. Bxc5 Bxc5 36. Rxc5 Re7 37. Bd5 Bxd5 38. Rxd5 e4 39. Re1 Ra6 40. Rd2
a4 41. Rd4 a3 42. bxa3 e3 43. Rxe3 Rxe3 44. fxe3 Rxa3 45. Rd8+ Kg7 46. Rd7+ Kg6
47. Rxb7 Rxe3 48. Rb1 Ra3 49. Ra1 Kf5 50. Kf2 Kg4 51. h4 h5 52. Ke2 Kxg3 53. Kd2
Kxh4 54. Kc2 Kg3 55. Kb2 Ra8 56. Rg1+ Kf3 57. Rh1 Rh8 58. a4 h4 59. Kb3 h3 60.
a5 Kg2 61. Rd1 h2 62. Rd2+ Kf3 63. Rd1 h1=Q 64. Rxh1 Rxh1 65. Kc4 Ra1 66. Kb5
Ke4 67. a6 Kd5 68. Kb6 Rb1+ 69. Kc7 Ra1 70. Kb7 Kd6 71. a7 Rb1+ 72. Kc8 Ra1 73.
Kb7 Rxa7+ 74. Kxa7 1/2-1/2

[Event "Tata Steel India Blitz w"]
[Site "Kolkata IND"]
[Date "2023.09.03"]
[Round "5.2"]
[White "Koneru, Humpy"]
[Black "Dronavalli, Harika"]
[Result "1-0"]
[WhiteTitle "GM"]
[BlackTitle "GM"]
[WhiteElo "2553"]
[BlackElo "2500"]
[WhiteFideId "5008123"]
[BlackFideId "5015197"]
[EventDate "2023.09.03"]

1. d4 g6 2. c4 Bg7 3. g3 Nf6 4. Bg2 O-O 5. Nc3 d6 6. Nf3 Nbd7 7. O-O e5 8. h3
Re8 9. e4 exd4 10. Nxd4 Nc5 11. Re1 Bd7 12. Rb1 h6 13. b3 a5 14. Kh2 c6 15. Bf4
Bf8 16. Nc2 Be6 17. Qd2 h5 18. Rbd1 h4 19. g4 a4 20. b4 Na6 21. b5 Nc5 22. bxc6
bxc6 23. Bxd6 Bxd6+ 24. Qxd6 Qa5 25. e5 Qxc3 26. exf6 Qxc2 27. Qxc5 Rad8 28.
Rxd8 Rxd8 29. Rxe6 Qd2 30. Re4 Qxa2 31. Qe7 Rf8 32. Re2 Qxc4 33. Qe4 Qb5 34. Ra2
Qb8+ 35. f4 Qb3 36. Rxa4 Rd8 37. Rd4 Qg3+ 38. Kg1 Rxd4 39. Qe8+ Kh7 40. Qxf7+ 1-0

[Event "Tata Steel India Blitz w"]
[Site "Kolkata IND"]
[Date "2023.09.03"]
[Round "5.3"]
[White "Ju, Wenjun"]
[Black "Shuvalova, Polina"]
[Result "0-1"]
[WhiteTitle "GM"]
[BlackTitle "IM"]
[WhiteElo "2568"]
[BlackElo "2496"]
[WhiteFideId "8603006"]
[BlackFideId "24171760"]
[EventDate "2023.09.03"]

1. d4 Nf6 2. c4 e6 3. Nf3 d5 4. g3 Be7 5. Bg2 O-O 6. O-O c6 7. Nc3 b6 8. Qd3 Ba6
9. b3 Nbd7 10. e4 dxc4 11. bxc4 e5 12. dxe5 Ng4 13. Bf4 g5 14. Bh3 gxf4 15. Bxg4
Nc5 16. Qe2 fxg3 17. hxg3 Qd3 18. Qxd3 Nxd3 19. Rfd1 Rfd8 20. e6 Bxc4 21. exf7+
Bxf7 22. e5 Bg6 23. Ne2 Bc5 24. Kg2 Nxf2 25. Be6+ Kg7 26. Rxd8 Rxd8 27. Nf4 Be4
28. Nh5+ Kh6 29. Nf6 Bg6 30. Re1 Kg7 31. Re2 Nd3 32. Bc4 Nb4 33. Ng5 Bf5 34.
Ne6+ Bxe6 35. Bxe6 Bd4 36. Bb3 c5 37. Nh5+ Kh6 38. Nf4 b5 39. Bf7 Nc6 40. e6 Bf6
41. Re1 Rd2+ 42. Kf3 Kg5 43. Rh1 Ne5+ 44. Ke4 Rd4+ 45. Ke3 Ng4+ 46. Ke2 0-1